000 00633cam a2200205 a 4500
001 000008067
005 20200929154422.0
008 920915s1992 sp 000 1 spa
040 _aDO-SdBNP
_cDLC
_dDLC
082 _a863.64
_bO77a
100 1 _aOrtiz, Lourdes,
_99130
245 1 0 _aAntes de la batalla /
_cLourdes Ortiz.
260 _aBarcelona :
_bPlaneta,
_c1992.
300 _a380 p. ;
_c21 cm.
490 1 _aAutores españoles e hispanoamericanos
650 4 _aNovela española
_91123
650 4 _aLiteratura española
_9632
830 0 _aAutores españoles e hispanoamericanos
_95042
910 _aCatalogación por copia / LC
999 _c7844
_d7844